|
|
|
|
| LEADER |
00726cam a2200193 7i4500 |
| 001 |
0000045178 |
| 005 |
20170218090000.0 |
| 020 |
|
|
|a 9789057681608 (pbk.)
|
| 090 |
0 |
0 |
|a TS195.4
|b .R66 2011
|
| 100 |
1 |
|
|a Roojen, Pepin Van
|
| 245 |
1 |
0 |
|a Structural package design
|c Pepin Van Roojen.
|
| 260 |
|
|
|a Amsterdam, The Netherlands:
|b The Pepin Press BV.,
|c 2011.
|
| 300 |
|
|
|a 495 p.:
|b ill.;
|c 15 cm..
|
| 501 |
|
|
|a With CD-ROM : Structural pakage design
|
| 650 |
0 |
0 |
|a Graphic arts
|
| 650 |
0 |
0 |
|a Packaging --
|x Design
|
| 997 |
|
|
|a Communication, Visual Art & Computing, Faculty
|b Visual Art, Department
|
| 999 |
|
|
|a 0000052348
|b BOK
|c OPEN SHELF
|e 2nd Floor, Bestari Jaya
|
| 999 |
|
|
|a CDR0002355
|b CD-ROM
|c OPEN SHELF
|e Circulation Counter, Shah Alam
|